PPP projekty ako možnosť naštartovania ekonomiky v pokrízovom období bakalárska práca

Uložené v:
Podrobná bibliografia
Hlavný autor: Korenačka, Peter
Korporativný autor: Fakulta podnikového manažmentu EU. Katedra podnikových financií
Ďalší autori: Smorada, Marián, 1984-
Médium: Kniha
Jazyk:Slovak
Vydavateľské údaje: Bratislava 2024
Tagy: Pridať tag
Žiadne tagy, Buďte prvý, kto otaguje tento záznam!

MARC

LEADER 00000nbm a2200000 4500
001 0304073
005 20250224110822.5
041 0 |a slo 
044 |a SK 
245 1 0 |a PPP projekty ako možnosť naštartovania ekonomiky v pokrízovom období  |b bakalárska práca  |c Peter Korenačka ; školiteľ: Marián Smorada 
264 1 |a Bratislava  |c 2024 
300 |a 39 s. 
100 1 |a Korenačka, Peter 
700 1 |a Smorada, Marián, 1984- 
710 2 |a Fakulta podnikového manažmentu EU. Katedra podnikových financií